[Event "Titled Tuesday intern op 6th Aug"]
[Site "Chess.com INT"]
[Date "2019.08.06"]
[Round "1"]
[White "Beshirli, Nail"]
[Black "Metpally, Jason"]
[Result "1-0"]
[WhiteElo "2632"]
[BlackElo "2125"]
[PlyCount "103"]
[EventDate "2019.08.06"]
[EventType "swiss (blitz)"]
[EventRounds "10"]
[EventCountry "USA"]
[SourceTitle "EXT 2021"]
[Source "ChessBase"]
[SourceDate "2020.10.23"]
[SourceVersion "1"]
[SourceVersionDate "2020.10.23"]
[SourceQuality "1"]

1. e4 e5 2. Nf3 Nc6 3. Nc3 Nf6 4. Bb5 Bb4 5. 0-0 0-0 6. d3 Re8 7. Bg5 h6 8. Bxf6 Qxf6 9. Nd5 Qd6 10. c3 Ba5 11. Nh4 Ne7 12. Nxe7+ Qxe7 13. Nf5 Qf6 14. Qf3 c6 15. Ba4 d5 16. Bb3 Kh7 17. Rfe1 g6 18. Ne3 Qxf3 19. gxf3 d4 20. cxd4 Bxe1 21. Rxe1 exd4 22. Nc2 Be6 23. Nxd4 Bxb3 24. Nxb3 a5 25. d4 a4 26. Nc5 b6 27. Nd7 Rad8 28. Nf6+ Kg7 29. Nxe8+ Rxe8 30. Kf1 Kf6 31. Ke2 Rd8 32. Ke3 Ke6 33. Rc1 Kd6 34. Rc4 b5 35. Rc5 Re8 36. h4 h5 37. Kd3 Re6 38. f4 Re8 39. f3 f6 40. f5 g5 41. hxg5 fxg5 42. e5+ Kc7 43. Ke4 h4 44. Rc2 b4 45. f6 Kd7 46. Kf5 b3 47. axb3 axb3 48. Rg2 Rg8 49. e6+ Kd8 50. f7 Rh8 51. Kf6 Rh6+ 52. Kg7 1-0

[Event "Titled Tuesday intern op 2nd Febr"]
[Site "Chess.com INT"]
[Date "2019.02.05"]
[Round "5"]
[White "Sargsyan, Shant"]
[Black "Beshirli, Nail"]
[Result "1-0"]
[WhiteElo "2488"]
[BlackElo "2678"]
[PlyCount "162"]
[EventDate "2019.02.05"]
[EventType "swiss (blitz)"]
[EventRounds "10"]
[EventCountry "USA"]
[SourceTitle "EXT 2021"]
[Source "ChessBase"]
[SourceDate "2020.10.23"]
[SourceVersion "1"]
[SourceVersionDate "2020.10.23"]
[SourceQuality "1"]

1. d4 Nf6 2. Nf3 e6 3. c4 Bb4+ 4. Bd2 Bxd2+ 5. Qxd2 d5 6. Nc3 0-0 7. e3 c6 8. Rc1 Nbd7 9. Bd3 b6 10. cxd5 exd5 11. 0-0 Bb7 12. Qe2 a5 13. Qc2 Qe7 14. Rfe1 c5 15. dxc5 bxc5 16. Bf5 Rfe8 17. Na4 Rac8 18. Qc3 Bc6 19. Qa3 Bxa4 20. Qxa4 c4 21. Nd4 g6 22. Bxd7 Qxd7 23. Qxa5 Ra8 24. Qb6 Qe7 25. b3 Reb8 26. Qc6 Rxa2 27. bxc4 Ng4 28. Rf1 Rd2 29. cxd5 Rxf2 30. Qc3 Rxf1+ 31. Rxf1 Qxe3+ 32. Qxe3 Nxe3 33. Re1 Nxd5 34. Nc6 Rc8 35. Nd4 Rd8 36. Nf3 Kg7 37. Rd1 Rd7 38. Ne5 Rd6 39. h3 Kf6 40. Ng4+ Ke7 41. Re1+ Re6 42. Ra1 Nf4 43. Ra7+ Kf8 44. Nh6 Re7 45. Ra4 Ne6 46. Ng4 Kg7 47. Kh2 Ng5 48. Rf4 f5 49. Nf2 Re2 50. Kg1 Re1+ 51. Kh2 Re2 52. Kg1 Re1+ 53. Kh2 Ne6 54. Ra4 Re2 55. Nd3 Rd2 56. Ne5 Nf4 57. Rxf4 Kf6 58. Nf3 Re2 59. Ra4 h6 60. Ra6+ Kf7 61. Nh4 f4 62. Rxg6 f3 63. Rg3 f2 64. Rf3+ Ke6 65. Kg3 Re4 66. Rxf2 h5 67. Rf3 Ke5 68. Ng6+ Kd4 69. Nf4 h4+ 70. Kxh4 Re8 71. Kg3 Rh8 72. Kf2 Rg8 73. Ne2+ Ke4 74. Ng3+ Ke5 75. Kg1 Ke6 76. Kh2 Ra8 77. Ne4 Ra4 78. Ng5+ Kd6 79. Kg3 Ke5 80. h4 Ra7 81. Kh3 Rg7 1-0

[Event "Titled Tuesday intern op 17th April"]
[Site "Chess.com INT"]
[Date "2018.04.17"]
[Round "8"]
[White "Beshirli, Nail"]
[Black "Khoroshev, Nikita"]
[Result "0-1"]
[WhiteElo "2325"]
[BlackElo "2347"]
[PlyCount "54"]
[EventDate "2018.04.17"]
[EventType "swiss (blitz)"]
[EventRounds "10"]
[EventCountry "USA"]
[SourceTitle "EXT 2021"]
[Source "ChessBase"]
[SourceDate "2020.10.23"]
[SourceVersion "1"]
[SourceVersionDate "2020.10.23"]
[SourceQuality "1"]

1. e4 e6 2. d4 d5 3. Nd2 a6 4. Bd3 c5 5. dxc5 Bxc5 6. Ngf3 Nf6 7. Qe2 Nc6 8. e5 Nd7 9. Nb3 Nb4 10. Nxc5 Nxc5 11. Be3 Nbxd3+ 12. cxd3 Qa5+ 13. Bd2 Qb5 14. 0-0 Qxd3 15. Qe1 Bd7 16. Rc1 b6 17. Be3 0-0 18. b4 Ne4 19. Bxb6 Bb5 20. Qd1 Qxf1+ 21. Qxf1 Bxf1 22. Kxf1 Rfc8 23. Bc5 a5 24. a3 axb4 25. axb4 Rab8 26. Nd4 Rxb4 27. Ra1 Nxc5 0-1

[Event "Titled Tuesday intern op 17th April"]
[Site "Chess.com INT"]
[Date "2018.04.17"]
[Round "4"]
[White "Beshirli, Nail"]
[Black "Perrine, Dalton"]
[Result "1-0"]
[WhiteElo "2306"]
[BlackElo "2263"]
[PlyCount "121"]
[EventDate "2018.04.17"]
[EventType "swiss (blitz)"]
[EventRounds "10"]
[EventCountry "USA"]
[SourceTitle "EXT 2021"]
[Source "ChessBase"]
[SourceDate "2020.10.23"]
[SourceVersion "1"]
[SourceVersionDate "2020.10.23"]
[SourceQuality "1"]

1. e4 c5 2. Nf3 e6 3. Nc3 a6 4. d4 cxd4 5. Nxd4 Qc7 6. Be3 Nf6 7. Qd2 Bb4 8. Bd3 d5 9. exd5 Nxd5 10. Nde2 Nxe3 11. Qxe3 Nd7 12. 0-0 Nf6 13. Ne4 Nd5 14. Qg3 Qxg3 15. hxg3 f5 16. Ng5 Be7 17. Nf3 Bf6 18. c3 e5 19. Bc4 Be6 20. Rfe1 Nc7 21. Bxe6 Nxe6 22. Nf4 exf4 23. Rxe6+ Kd7 24. Re2 fxg3 25. fxg3 Rhe8 26. Rd1+ Kc7 27. Rf2 g6 28. Nd4 Bg5 29. Kf1 Re3 30. Nf3 Bf6 31. Rfd2 Rd8 32. Rxd8 Bxd8 33. Kf2 Re7 34. Nd4 Kc8 35. Kf3 Re4 36. Rh1 h5 37. Rd1 Bg5 38. Rd3 Bf6 39. Ne2 h4 40. gxh4 Rxh4 41. Nf4 Rg4 42. g3 Be5 43. Re3 Bd6 44. Re6 Bxf4 45. gxf4 Kd7 46. Rb6 Kc7 47. Rf6 Rg1 48. a4 Rb1 49. Rxg6 Rxb2 50. Rf6 Rc2 51. Rxf5 Rxc3+ 52. Kg4 Ra3 53. a5 b6 54. Rf7+ Kc6 55. Rf6+ Kc5 56. axb6 Rb3 57. f5 a5 58. Re6 a4 59. f6 Rb1 60. f7 Rg1+ 61. Kh5 1-0

[Event "Titled Tuesday intern op 17th April"]
[Site "Chess.com INT"]
[Date "2018.04.17"]
[Round "1"]
[White "Mohammad, Nubairshah Shaikh"]
[Black "Beshirli, Nail"]
[Result "0-1"]
[WhiteElo "2431"]
[BlackElo "2255"]
[PlyCount "140"]
[EventDate "2018.04.17"]
[EventType "swiss (blitz)"]
[EventRounds "10"]
[EventCountry "USA"]
[SourceTitle "EXT 2021"]
[Source "ChessBase"]
[SourceDate "2020.10.23"]
[SourceVersion "1"]
[SourceVersionDate "2020.10.23"]
[SourceQuality "1"]

1. d3 c5 2. Nf3 Nc6 3. g3 g6 4. Bg2 Bg7 5. 0-0 d6 6. c4 Nf6 7. Nc3 0-0 8. Rb1 Rb8 9. a3 a6 10. b4 cxb4 11. axb4 b5 12. cxb5 axb5 13. Bd2 Bd7 14. h3 e6 15. Qb3 Qe7 16. Ra1 Rfc8 17. Ra6 d5 18. Rb1 Ne8 19. Bg5 Qxb4 20. Bd2 Qxb3 21. Rxb3 b4 22. Na2 Nc7 23. Rxc6 Bxc6 24. Nxb4 Ba4 25. Ra3 Be8 26. Ra7 Nb5 27. Ra5 Nc3 28. Na6 Rb2 29. e3 Nb1 30. Be1 Ra8 31. d4 Rb5 32. Rxb5 Bxb5 33. Nc7 Rb8 34. Ne5 Bxe5 35. dxe5 Bd3 36. f4 Rc8 37. Ba5 Na3 38. Bb4 Nc4 39. Bd6 Nxe3 40. Kf2 Nc4 41. Nb5 Nxe5 42. Bxe5 Bxb5 43. g4 Rc2+ 44. Kg3 Bd3 45. Bf3 Be4 46. Bd1 Rd2 47. Ba4 h6 48. h4 Rd3+ 49. Kf2 Rf3+ 50. Ke2 Ra3 51. Be8 Bf3+ 52. Kd2 Bxg4 53. Bb5 Bf5 54. Be2 Rh3 55. Bf6 Ra3 56. Be7 Ra2+ 57. Ke3 d4+ 58. Kf3 Bg4+ 59. Kxg4 Rxe2 60. Kf3 d3 61. Bb4 f5 62. Bc3 Kf7 63. Bd4 Re4 64. Be3 g5 65. hxg5 hxg5 66. fxg5 Kg6 67. Bd2 e5 68. Bc1 Re2 69. Ba3 e4+ 70. Kf4 d2 0-1

[Event "Titled Tuesday intern op 17th April"]
[Site "Chess.com INT"]
[Date "2018.04.17"]
[Round "10"]
[White "Vocaturo, Daniele"]
[Black "Beshirli, Nail"]
[Result "0-1"]
[WhiteElo "2620"]
[BlackElo "2374"]
[PlyCount "94"]
[EventDate "2018.04.17"]
[EventType "swiss (blitz)"]
[EventRounds "10"]
[EventCountry "USA"]
[SourceTitle "EXT 2021"]
[Source "ChessBase"]
[SourceDate "2020.10.23"]
[SourceVersion "1"]
[SourceVersionDate "2020.10.23"]
[SourceQuality "1"]

1. e4 c5 2. Nc3 d6 3. Nf3 Nf6 4. d4 cxd4 5. Nxd4 Nc6 6. Be3 e6 7. f3 a6 8. Qd2 Bd7 9. g4 b5 10. g5 Nh5 11. 0-0-0 Rc8 12. Kb1 Ne5 13. f4 Nc4 14. Bxc4 Rxc4 15. f5 Be7 16. fxe6 fxe6 17. Rhf1 Qc7 18. Nce2 Qb7 19. e5 d5 20. Nf4 Nxf4 21. Bxf4 0-0 22. h4 Bc5 23. Be3 Rc8 24. b3 Bxd4 25. Bxd4 R4c7 26. Qf4 Bc6 27. Bc5 Rf7 28. Qd4 Be8 29. Rxf7 Bxf7 30. Rf1 Bg6 31. b4 a5 32. a3 axb4 33. axb4 Bf5 34. h5 Qf7 35. h6 Bxc2+ 36. Kxc2 Qxf1 37. hxg7 Ra8 38. Ba7 Qe2+ 39. Kc1 Qc4+ 40. Qxc4 bxc4 41. Bc5 Kxg7 42. b5 Rb8 43. b6 Kg6 44. Be3 Kf5 45. Bf2 Rb7 46. Kd2 Kxe5 47. Kc3 Kd6 0-1